Shakespeare in Star Trek Quiz Stats

 Plays Quiz Updated Dec 7, 2013

Support Sporcle.
Go Orange.
Score 0/17 Timer 05:00
0 Plays Today
Episode Title Referenced Shakespeare Work % Correct
Thine Own SelfHamlet
79.4%
By Any Other NameRomeo and Juliet
72.2%
Mortal CoilHamlet
49.6%
Once More Unto the BreachHenry V
47.4%
Conscience of the KingHamlet
45%
Dagger of the MindMacbeth
38.5%
The Undiscovered CountryHamlet
37.3%
Dogs of WarJulius Caesar
37%
All Our YesterdaysMacbeth
36.8%
Episode Title Referenced Shakespeare Work % Correct
How Sharper Than a Serpent's ToothKing Lear
32.4%
Remember MeHamlet
26.1%
The Mind's EyeHamlet
23.5%
Journey's EndOthello
19.2%
Past PrologueThe Tempest
16.2%
Sins of the FatherThe Merchant of Venice
12.2%
Heart of StoneTwelfth Night
9.9%
Wink of an EyeThe Winter's Tale
4.9%

From the Vault

Detroit Red Wings Leaders by Position

by mrom

Sports 7m
Do they have wings because they drank a lot of Redbull?
Remove Ads.
Support Sporcle.
Get the best of Sporcle when you Go Orange. This ad-free experience offers more features, more stats, and more fun while also helping to support Sporcle. Thank you for becoming a member.

Show Comments

Extras

Top Quizzes Today


Score Distribution

Your Account Isn't Verified!

In order to create a playlist on Sporcle, you need to verify the email address you used during registration. Go to your Sporcle Settings to finish the process.

Report this User

Report this user for behavior that violates our Community Guidelines.

Details: